000 00658nam a2200229Ia 4500
003 OSt
005 20220928125214.0
006 a|||||r|||| 00| 0
007 ta
008 220927b |||||||| |||| 00| 0 eng d
024 _a42154
037 _cTextual
040 _aSDCL
_cSDCL
_beng
041 _2eng
_aeng
082 _aS61, M3
100 _aAlbert Robert S Ed.
_9468865
245 0 _aGenuis and eminence
_b The social psychology of creativity exceptional achievement.
260 _aOxford
_bPergamon Press
_c1983
300 _axvii,407p.
_ccm.
942 _hS61, M3
_cTEXL
_2CC
999 _c781578
_d781578